UBT Library

Corpus of early Italian paintings in North American public collections. (Record no. 44756)

000 -LEADER
fixed length control field 00885cam a2200253 a 4500
001 - CONTROL NUMBER
control field 14793652
005 - DATE AND TIME OF LATEST TRANSACTION
control field 20180312090231.0
008 - FIXED-LENGTH DATA ELEMENTS--GENERAL INFORMATION
fixed length control field 070402s2009 gaua bc s001 0 eng
010 ## - LIBRARY OF CONGRESS CONTROL NUMBER
LC control number 2007014141
020 ## - INTERNATIONAL STANDARD BOOK NUMBER
International Standard Book Number 9780915977642
020 ## - INTERNATIONAL STANDARD BOOK NUMBER
International Standard Book Number 0915977648
040 ## - CATALOGING SOURCE
Original cataloging agency DLC
Transcribing agency DLC
Modifying agency DLC
041 ## - LANGUAGE CODE
Language code of text/sound track or separate title eng
043 ## - GEOGRAPHIC AREA CODE
Geographic area code e-it---
-- n-usu--
080 ## - UNIVERSAL DECIMAL CLASSIFICATION NUMBER
Universal Decimal Classification number 759.507475 ROB
082 00 - DEWEY DECIMAL CLASSIFICATION NUMBER
Classification number 759.507475 ROB
Edition number 22
100 1# - Rafti
Rafti 44
101 ## - Shkurtesa
Shkurtesa ART
245 10 - TITLE STATEMENT
Title Corpus of early Italian paintings in North American public collections.
Name of part/section of a work The South /
Statement of responsibility, etc Perri Lee Roberts ; Andrew Ladis, general editor.
504 ## - BIBLIOGRAPHY, ETC. NOTE
Bibliography, etc Includes bibliographical references and index.
906 ## - LOCAL DATA ELEMENT F, LDF (RLIN)
a 7
b cbc
c orignew
d 1
e ecip
f 20
g y-gencatlg
942 ## - ADDED ENTRY ELEMENTS (KOHA)
Source of classification or shelving scheme
Item type Books
Holdings
Withdrawn status Lost status Source of classification or shelving scheme Damaged status Not for loan Collection code Permanent location Current location Shelving location Date acquired Total Checkouts Full call number Barcode Date last seen Price effective from Koha item type
          Koleksioni i përgjithshem UBT - Lipjan UBT - Lipjan Koleksioni i përgjithshem 03/12/2018   759.507475 ROB 002-3001598 03/12/2018 03/12/2018 Books
          Koleksioni i përgjithshem UBT - Lipjan UBT - Lipjan Koleksioni i përgjithshem 03/12/2018   759.507475 ROB 002-3001593 03/12/2018 03/12/2018 Books
UBT Library © 2015-2024. All rights reserved University Education for Business and Technology